000 00208 a2200097 4500
001 11158
100 _aWoodruff, P
245 _aThe Man Who Ruled India
260 _a
_bJanathan Cape
_c
090 _c8712
_d8712
942 _aNUST-CAE
_cM
_c35503
999 _c246231
_d246231